|
|
|
|
| LEADER |
00000cam a22000001a 4500 |
| 001 |
vtls009885973 |
| 003 |
SK-MaSNL |
| 005 |
20260301212255.0 |
| 008 |
251106s1975 xo a e n 000 0 slo |
| 015 |
|
|
|a SNBA1975
|
| 035 |
|
|
|a (SVKBBclas03)vtls000238009
|
| 040 |
|
|
|a SNK
|b slo
|c SNK
|e AACR2
|
| 041 |
0 |
|
|a slo
|
| 043 |
|
|
|a ew------
|
| 044 |
|
|
|a xo
|c SK
|
| 080 |
|
|
|a 338.992.4(4-15)(075.8)
|2 1981
|
| 100 |
1 |
|
|a Šíbl, Drahoš,
|d 1934-2007
|4 aut
|9 244648
|
| 245 |
1 |
0 |
|a Súčasné protirečenia západoeurópskej integrácie
|c Drahoš Šíbl
|
| 250 |
|
|
|a 1. vyd.
|
| 260 |
|
|
|a Bratislava
|b Vysoká škola ekonomická
|c 1975
|
| 300 |
|
|
|a 170 s.
|b tab.
|c 29 cm
|
| 366 |
|
|
|e 300 výt.
|
| 490 |
1 |
|
|a Vysokoškolské skriptá
|
| 504 |
|
|
|a Bibliogr. odkazy
|
| 650 |
0 |
7 |
|a integrácia
|2 SNKPH
|9 24105
|
| 651 |
|
7 |
|a Európa západná
|2 SNKPH
|9 162640
|
| 655 |
|
7 |
|a učebnice vysokých škôl
|2 SNKPH
|9 70191
|
| 810 |
2 |
|
|a Vysoká škola ekonomická v Bratislave
|t Vysokoškolské skriptá
|9 222320
|
| 830 |
|
0 |
|a Vysokoškolské skriptá
|9 276440
|
| 958 |
|
|
|a OND
|
| 958 |
|
|
|a RM
|
| 958 |
|
|
|a NB
|
| 999 |
|
|
|c 917713
|d 919643
|
| 952 |
|
|
|a SNK
|b SNK
|y PREZ
|7 0
|p 17A0925072
|o snkSB 23296
|i snkKSP 2039/76
|0 0
|1 0
|4 0
|d 2014-06-06
|f 1
|l 0
|r 2025-03-26 00:00:00
|w 2026-02-24
|